1635 1061 1728 1901 1508 1772 1872 1825 1971 1599 1370 1005 1013 1966 1525 1826 1880 1004 1138 1938 1748 1749 1392 1073 1927 1069 1402 1090 1670 1783 1813 1355 1495 1300 1265 1280 1948 1633 1603 1703 1379 1825 1846 1196 1973 1711 1588 1478 1425 1717 1015 1703 1025 1302 1043 1157 1777 1203 1899 1138 1378 1656 1915 1048 1913 1029 1762 1891 1069 1415 1199 1535 1555 1599 1137 1324 1587 1482 1114 1842 1295 1955 1604 1844 1039 1786 1831 1214 1058 1839 1551 1711 1143 1640 1723 1285 1352 1075 1085 BCNSPRNW ULIB Ver.6.0+V

เปลี่ยนเป็นภาษาไทย

Change to English
 แสดงรายละเอียดบรรณานุกรม
  กลับหน้าหลัก

Brief Record : Get Marc (ISO 2709) : E-mail record : QR code < ปิดหน้าต่าง
LEADER : 00000nam 2200000uu 4500
001    13399128555
003     ULIB
008    230906s2565||||th 000 0 tha d
020    ^a9786160454150
060  4 ^aWW140^bฮ456จ
100 1  ^aฮิระมะสึ, รุอิ,^eผู้แต่ง
240 10 ^aKanja ga taenai charisma gankai ga yatteru shitsumeishinai shukan.^lภาษาไทย
245 10 ^aจักษุแพทย์แนะนำ ทำอย่างไรไม่ให้สายตาเสื่อม = Kanja ga taenaicharisma gankai ga yatteru shitsumei shinai shukan /^cรุอิฮิระมะสึ, แต่ง ; วิธารณี จงสถิตย์วัฒนา, แปล
250    ^aพิมพ์ครั้งที่ 1
260    ^aกรุงเทพฯ:^bนานมีบุ๊คส์;^c2565
300    ^a154 หน้า :^bภาพประกอบ ;^c21 ซม
650  2 ^aEye Diseases
650  2 ^aEye Diseases^xprevention & control
650  2 ^aEye
700 0  ^aวิธารณี จงสถิตย์วัฒนา,^eผู้แปล
700 1  ^aHiramatsu, Rui,^eauthor.^tKanja ga taenai charisma gankaiga yatteru shitsumei shinai shukan
945    ^p195^l0^i29728
945    ^p195^l0^i29729
999    ^aกัณชพร จุลอักษร
รายการนี้ยังไม่มีแท็ก
คุณยังไม่ได้ล็อกอิน คุณสามารถมีกิจกรรมร่วมกับเว็บไซต์ได้ แต่ต้องล็อกอินก่อน ::
  ล็อกอิน

รายการสื่อสารสนเทศ

ลำดับที่ ประเภท เลขเรียก/บาร์โค้ด สถานที่ สถานะ
1. หนังสือสำรอง
หนังสือสำรอง
WW140 ฮ456จ ฉ.1 
  Barcode: 29728
ห้องสมุดวิทยาเขตนครสวรรค์
►หนังสือทั่วไป:l:General Books
บนชั้น
2. วิทยาศาสตร์การแพทย์ และสุขภาพ
วิทยาศาสตร์การแพทย์ และสุขภาพ
WW140 ฮ456จ ฉ.2 
  Barcode: 29729
ห้องสมุดวิทยาเขตนครสวรรค์
►หนังสือทั่วไป:l:General Books
บนชั้น

รายการใกล้เคียง
    หัวเรื่อง [Eye Diseases]
    หัวเรื่อง [Eye]

BibComment


ยังไม่เคยถูกคอมเมนท์

คอมเมนท์ทรัพยากรรายการนี้
  คอมเมนท์: จักษุแพทย์แนะนำ ..


 Copyright 2026. Bcnsprnw @Library